000 00304nam a2200133Ia 4500
008 100328s9999 xx 000 0 und d
082 _b66831
100 _aSheth Sneha.
245 _aMoral Stories-3.
260 _bSheth.
630 _aMoral Stories-3.
730 _aMoral Stories-3.
942 _cBOOK
999 _c552570
_d552567